Statistics for Movies By 1 Actor and 1 Actress - Brad Pitt Edition

Click here to take the quiz!

General Stats

  • This quiz has been taken 29 times
  • The average score is 13 of 26

Answer Stats

CastMovie% Correct
Christoph Waltz, Melanie LaurentInglourious Basterds
89%
Angelina Jolie, Vince VaughnMr. & Mrs. Smith
89%
Edward Norton, Helena Bonham CarterFight Club
81%
Morgan Freeman, Gwyneth PaltrowSeven
81%
George Clooney, Julia RobertsOcean's Eleven
78%
Leonardo DiCaprio, Margaret QualleyOnce Upon a Time in Hollywood
78%
Michael Shannon, Sandra BullockBullet Train
63%
Cate Blanchett, Mahershala AliThe Curious Case of Benjamin Button
63%
Chiwetel Ejiofor, Lupita Nyong'o12 Years a Slave
59%
Anthony Hopkins, Claire ForlaniMeet Joe Black
59%
Geena Davis, Harvey KeitelThelma and Louise
59%
George Clooney, Frances McDormandBurn After Reading
56%
Tom Cruise, Kirsten DunstInterview with the Vampire
52%
Eric Bana, Diane KrugerTroy
52%
Bruce Willis, Madeleine Stowe12 Monkeys
41%
Mereille Enos, Peter CapaldiWorld War Z
41%
Margot Robbie, Tobey MaguireBabylon
37%
Christian Bale, Selena GomezThe Big Short
37%
David Thewlis, Jetsun PemaSeven Years in Tibet
33%
Julia Roberts, James GandolfiniThe Mexican
33%
Tommy Lee Jones, LisaGay HamiltonAd Astra
30%
Philip Seymour Hoffman, Robin WrightMoneyball
30%
Christian Slater, Patricia ArquetteTrue Romance
30%
Will Ferrell, Tina FeyMegamind
26%
Richard Boes, Alison MoirJohnny Suede
15%
Penelope Cruz, Michael FassbenderThe Counselor
15%

Score Distribution

Percentile by Number Answered

Percent of People with Each Score

Your Score History

You have not taken this quiz